000 00562cam a2200193ua 4500
020 _a81-203-1680-0
_cRs 125.00
041 _aeng
_h
082 _a006.3
_bKAR/UN
100 _aKartalopoulos, Stamatios V .
245 _aUnderstanding neural networks and fuzzy logic /
_cSatmatios V Kartalopoulos.
_hTextual Documents
250 _a1 /
_b.
260 _aNew Delhi :
_bPrentice Hall of India Pvt Ltd. ,
_c2000.
300 _a205 ; .
365 _aRs 125.00
504 _a
650 _aArtificial Intelligence
942 _cBK
999 _c292
_d292